00852cam a22002417a 4500001001000000003000500010005001700015008004100032010000900073011001000082035000900092040000900101082001600110100004500126245005200171260015200223300001100375650005700386650004500443650003800488650004200526700004200568000009601CHAP20241029062658.0971013s1993 r 00010 d a9541 a10513 a9750 cCHAP04a338.763bS300aSantoyo Cortés, Vinicio Horacioecomp.10aAlternativas para el desarrollo agroindustrial. aChapingo, Méx. :bUACH. Centro de Investigaciones Económicas, Sociales y Tecnológicas de la Agroindustria y de la Agricultura Mundial,c1993. a351 p.14aIndustrias agrícolasxInnovaciones tecnológicas.14aIndustrias agrícolasxInvestigación.14aIndustrias agrícolasxMéxico.14aTratado Trilateral de Libre Comercio.1 aMuñoz Rodríguez, Manrrubioecomp.